The iconography of the pharaoh's face in the Eighteenth Dynasty relief : metric analysis /

محفوظ في:

المؤلف الرئيسي: Radtke, Krzysztof Jerzy (مؤلف)

التنسيق: كتاب

اللغة: English

منشور في: Warsaw : Wiesbaden : IKSiO PAN, Institute of Mediterranean and Oriental Cultures ; Harrassowitz Verlag, 2021

سلاسل: Travaux de l'Institut des Cultures Méditerranéennes et Orientales de l'Académie Polonaise des Sciences ; 8-9.

الموضوعات:

الوسوم: إضافة وسم

لا توجد وسوم, كن أول من يضع وسما على هذه التسجيلة!

رقم الطلب: N7582 .R33 v.1-2

LEADER 01064nam a22002657a 4500
003 OSt
005 20260201095337.0
008 010226m2021 pl a b 001 0 eng d
020 |a 9783447118019 
020 |a 9788396083159 
020 |a 9783447118026 
020 |a 9788396388049 
040 |c ARCE Library 
050 1 4 |a N7582  |b .R33 v.1-2 
100 1 |a Radtke, Krzysztof Jerzy,   |e author 
245 1 4 |a The iconography of the pharaoh's face in the Eighteenth Dynasty relief :   |b metric analysis /   |c Krzysztof Jerzy Radtke. 
264 1 |a Warsaw :   |b IKSiO PAN, Institute of Mediterranean and Oriental Cultures ;   |a Wiesbaden :   |b Harrassowitz Verlag,   |c 2021 
300 |a 2 volumes :   |b illustrations (chiefly color) ;   |c 30 cm. 
490 0 |a Travaux de l'Institut des Cultures Méditerranéennes et Orientales de l'Académie Polonaise des Sciences ;   |v 8-9. 
650 0 |a Portraits, Egyptian   |x History. 
650 0 |a Kings and rulers   |z Egypt   |x art. 
651 0 |a Egypt   |y ca. 1550-ca. 1295 BC BC (18th dynasty) 
901 |a reviewed 
942 |2 lcc  |c BK 
999 |c 58304  |d 58304